| 000 | 01087nas a2200325 4500 | ||
|---|---|---|---|
| 001 | BR2012004787 | ||
| 003 | BR-BrBNA | ||
| 005 | 20231205120808.0 | ||
| 007 | ta | ||
| 008 | 230509b bl.|||p| |||| 00| 00por d | ||
| 040 |
_aBR-BrBNA _bpor _cBiblioteca Nacional de Agricultura |
||
| 041 | _a(Pt) | ||
| 072 | _aE70 | ||
| 100 | 1 | _aLima, L.M. de | |
| 100 | 1 | _aMorais, P.L.D. de | |
| 100 | 1 | _aMedeiros, E.V. de | |
| 100 | 1 | _aMendonça, V. | |
| 100 | 1 | _aXavier, I.F. | |
| 100 | 1 | _aLeite, G.A. | |
| 245 | 1 | _aQualidade pós-colheita do mamão formosa 'tainung 01' comercializado em diferentes estabelecimentos no município de Mossoró-RN | |
| 246 | 1 | _aPostharvest quality of 'tainung 01' papaya Formosa traded in different types of stablishments | |
| 650 | _aMAMÃO | ||
| 650 | _aCARICA PAPAYA | ||
| 650 | _aQUALIDADE | ||
| 650 | _aPÓS-COLHEITA | ||
| 650 | _aCOMERCIALIZAÇÃO | ||
| 773 | 0 |
_tRevista Brasileira de Fruticultura (Brazil) _xISSN 0100-2945 _g(Sep 2009), v. 31(3) p. 902-906 _wBR2012004787 |
|
| 909 |
_a202311 _bLúcia _c55 _dLúcia Elande |
||
| 942 |
_2AGRIS _n0 _cANA |
||
| 999 |
_c220351 _d220351 |
||